000 00350 a2200169 4500
001 58602
020 _a8532504825
040 _cAnchieta - Pituba
100 _aSantiago, Silviano
240 1 0 _aEm liberdade
_lpor
245 1 0 _aEm liberdade
300 _a253
362 0 _a1994
440 1 _aRocco
650 4 _aFicção brasileira
942 _cBK
999 _c58602
_d58602